[Event "Arvier op 2nd"]
[Site "Arvier"]
[Date "2005.04.24"]
[Round "8"]
[White "Lisandri, Luigi"]
[Black "Lundmark, Giorgio"]
[Result "0-1"]
[WhiteElo "1517"]
[BlackElo "1825"]
[PlyCount "70"]
[EventDate "2005.04.18"]
[EventType "swiss"]
[EventRounds "9"]
[EventCountry "ITA"]
[SourceTitle "CBM 105 Extra"]
[Source "ChessBase"]
[SourceDate "2005.05.01"]
[SourceVersion "1"]
[SourceVersionDate "2005.05.01"]
[SourceQuality "1"]

1. c4 e5 2. Nc3 Nf6 3. d3 d5 4. cxd5 Nxd5 5. Nf3 Nc6 6. Bd2 Be7 7. g3 0-0 8. Bg2 Be6 9. 0-0 f5 10. Nxd5 Bxd5 11. Re1 e4 12. dxe4 Bxe4 13. Bc3 Qxd1 14. Raxd1 Rad8 15. Ne5 Bxg2 16. Kxg2 Nxe5 17. Bxe5 c5 18. b3 b5 19. f4 c4 20. bxc4 bxc4 21. Bc3 Bc5 22. a4 Rfe8 23. Kf3 Rxd1 24. Rxd1 Re3+ 25. Kg2 Rxc3 26. Kf1 Ra3 27. Rd8+ Kf7 28. Rd5 Ra1+ 29. Kg2 Bb6 30. Rxf5+ Ke6 31. Re5+ Kd6 32. e3 c3 33. e4 c2 34. Rd5+ Kc6 35. Rb5 c1Q 0-1

[Event "Arvier op 2nd"]
[Site "Arvier"]
[Date "2005.04.23"]
[Round "7"]
[White "Lundmark, Giorgio"]
[Black "Traversi, Carlo"]
[Result "1/2-1/2"]
[WhiteElo "1825"]
[BlackElo "1820"]
[PlyCount "47"]
[EventDate "2005.04.18"]
[EventType "swiss"]
[EventRounds "9"]
[EventCountry "ITA"]
[SourceTitle "CBM 105 Extra"]
[Source "ChessBase"]
[SourceDate "2005.05.01"]
[SourceVersion "1"]
[SourceVersionDate "2005.05.01"]
[SourceQuality "1"]

1. e4 Nc6 2. d4 e5 3. Nf3 exd4 4. Nxd4 Bc5 5. Be3 Qf6 6. c3 Nge7 7. Be2 a6 8. 0-0 0-0 9. Nxc6 Qxc6 10. Bxc5 Qxc5 11. Qd4 Qxd4 12. cxd4 d5 13. Nc3 dxe4 14. Nxe4 Bf5 15. Nc3 Rad8 16. Rad1 c6 17. Bc4 Nc8 18. Rd2 Nd6 19. Be2 Rfe8 20. Rfd1 Ne4 21. Nxe4 Bxe4 22. f3 Bd5 23. b3 Re3 24. Kf2 1/2-1/2

[Event "Arvier op 2nd"]
[Site "Arvier"]
[Date "2005.04.18"]
[Round "1"]
[White "Lundmark, Giorgio"]
[Black "Siegmund, Rainer"]
[Result "0-1"]
[WhiteElo "1825"]
[BlackElo "2149"]
[PlyCount "74"]
[EventDate "2005.04.18"]
[EventType "swiss"]
[EventRounds "9"]
[EventCountry "ITA"]
[SourceTitle "EXT 2024"]
[Source "ChessBase"]
[SourceDate "2023.10.10"]
[SourceVersion "1"]
[SourceVersionDate "2023.10.10"]
[SourceQuality "1"]

1. e4 c5 2. Nf3 Nc6 3. d4 cxd4 4. Nxd4 Nf6 5. Nc3 e5 6. Nxc6 bxc6 7. Bc4 Bb4 8. Bd2 Bxc3 9. Bxc3 Nxe4 10. Bxe5 Qe7 11. f3 Qxe5 12. fxe4 d5 13. Be2 dxe4 14. 0-0 0-0 15. c3 Be6 16. Qa4 Qc5+ 17. Kh1 f5 18. Rad1 Rad8 19. h3 Kh8 20. Qc2 Qb6 21. b3 c5 22. c4 h6 23. Bh5 Rxd1 24. Rxd1 Rd8 25. Rxd8+ Qxd8 26. Qf2 Qg5 27. Be2 f4 28. h4 Qe5 29. Qe1 Qd4 30. Qf1 Qe3 31. Qd1 Kh7 32. Bg4 Bg8 33. Bf5+ Kh8 34. Qd8 Qe1+ 35. Kh2 Qg3+ 36. Kh1 f3 37. Bh3 e3 0-1